Optimal inventory policies when the demand distribution is not known
Guardado en:
| Autor principal: | |
|---|---|
| Otros Autores: | , |
| Formato: | Libro |
| Lenguaje: | inglés |
| Publicado: |
Washington
International Monetary Fund
2000
|
| Colección: | IMF Working Paper
WP/00/183 |
| Materias: | |
| Etiquetas: |
Sin Etiquetas, Sea el primero en etiquetar este registro!
|
MARC
| LEADER | 00000nam a2200000 4500 | ||
|---|---|---|---|
| 001 | c124449 | ||
| 005 | 20221221083130.1 | ||
| 041 | 0 | |a eng | |
| 044 | |a US | ||
| 245 | 1 | 0 | |a Optimal inventory policies when the demand distribution is not known |c C. Erik Larson, Lars J. Olson and Sunil Sharma |
| 264 | 1 | |a Washington |b International Monetary Fund |c 2000 | |
| 300 | |a 23 s. | ||
| 490 | 1 | |a IMF Working Paper |v WP/00/183 | |
| 830 | 0 | |a IMF Working Paper |v WP/00/183 | |
| 610 | 2 | 0 | |a zásobovanie |
| 610 | 2 | 0 | |a dopyt |
| 610 | 2 | 0 | |a modely zásob |
| 610 | 2 | 0 | |a modely dopytu |
| 100 | 1 | |a Larson, C. Erik | |
| 700 | 1 | |a Olson, Lars J. | |
| 700 | 1 | |a Sharma, Sunil | |